| 000 | 00910nam a22002297a 4500 | ||
|---|---|---|---|
| 999 |
_c12365 _d12365 |
||
| 003 | AR-CdUCM | ||
| 008 | 190408b ||||| |||| 00| 0 spa d | ||
| 020 | _a9972-745-50-3 | ||
| 040 |
_aMUNICIPALIDAD PROVINCIAL DEL CUSCO _cBIBLIOTECA MUNICIPAL DEL CUSCO |
||
| 082 |
_aEP / 372.357 / _bR81 |
||
| 100 |
_aRomero Cornejo, Carmen _930192 |
||
| 245 |
_aMundo vivo 3 : _bSerie de ciencia-ambiente y personal-social para primaria / |
||
| 260 |
_aPerú : _bGrupo editorial Norma, _c1999. |
||
| 300 |
_a207 paginas _c28 cm. |
||
| 505 | _aContenido :Nuestra familia -- Ejercitando nuestro cuerpo -- Usamos los sentidos -- Los aparatos respiratorios y circulatorios -- La orientación en los animales ... | ||
| 650 |
_aEducación primaria _91561 |
||
| 650 |
_aCiencia y ambiente _930193 |
||
| 650 |
_aPersonal social _928613 |
||
| 700 |
_aEscalante Marcotti, Lourdes _930194 |
||
| 942 |
_2ddc _cLIBROS |
||
| 945 | _arum | ||